Polskie Kody Pocztowe - Strefy Kodowe (z Mapą) - Statystyki

Ogólne statystyki
  • Ten quiz został rozwiązany 3 razy
  • Średni wynik to 27 z 99
Odpowiedzi na mapie
Odpowiedzi zakodowano w zielono-czerwonej skali na mapie do tego quizu, zgodnie z poniższymi procentami.
 
Statystyki odpowiedzi
Odpowiedź % Poprawnych
00
67%
27
67%
36
67%
38
67%
41
67%
46
67%
57
67%
58
67%
62
67%
64
67%
01
33%
02
33%
05
33%
07
33%
09
33%
10
33%
12
33%
13
33%
15
33%
17
33%
18
33%
20
33%
22
33%
23
33%
25
33%
26
33%
30
33%
31
33%
32
33%
33
33%
35
33%
37
33%
39
33%
40
33%
42
33%
43
33%
44
33%
45
33%
47
33%
48
33%
51
33%
52
33%
54
33%
55
33%
56
33%
59
33%
61
33%
63
33%
65
33%
67
33%
69
33%
70
33%
71
33%
72
33%
74
33%
75
33%
76
33%
77
33%
78
33%
80
33%
81
33%
83
33%
85
33%
86
33%
87
33%
90
33%
91
33%
94
33%
95
33%
97
33%
98
33%
99
33%
03
0%
04
0%
06
0%
08
0%
11
0%
14
0%
16
0%
19
0%
21
0%
24
0%
28
0%
29
0%
34
0%
49
0%
50
0%
53
0%
60
0%
66
0%
68
0%
73
0%
82
0%
84
0%
88
0%
89
0%
92
0%
93
0%
96
0%
Nie znaleziono quizów pasujących do podanych kryteriów
Rozkład punktacji
Procent ludzi z każdym wynikiem
Percentyl według liczby udzielonych odpowiedzi
Twoja historia wyników
Nie rozwiązałeś tego quizu